Statistics for Famous Ancient Romans

Click here to take the quiz!

General Stats

  • This quiz has been taken 116 times
    (99 since last reset)
  • The average score is 13 of 30

Answer Stats

HintAnswer% Correct
1st Roman emperor and member of the 2nd TriumvirateAugustus
96%
Roman dictator killed on the Ides of MarchJulius Caesar
96%
Brother of the AboveRemus
92%
Semi-Mythical Founder of RomeRomulus
92%
Murderous emperor known for his lyre playingNero
87%
Emperor who converted to and legalized ChristianityConstantine
84%
Emperor who declared war on Neptune and made his horse a SenatorCaligula
82%
Orator who exposed the Catiline ConspiracyCicero
72%
Poet who authored the Aeneid at the request of AugustusVirgil
70%
Author of "Metamorphoses" who was exiled to TomisOvid
63%
Member of 1st triumvirate known for his wealthCrassus
62%
Mythical Trojan prince from whom the original Romans were descendedAeneas
58%
Stuttering Emperor who conquered BritainClaudius
55%
Lover of Cleopatra defeated at ActiumMark Anthony
54%
Orator who called for the destruction of Carthage in many of his speechesCato the Elder
49%
Senator and stoic philosopher executed by NeroSeneca
34%
Emperor who sacked Jerusalem and completed the ColosseumTitus
30%
Murderer of Claudius and mother of the aboveAgrippina the Younger
28%
Naturalist and writer who witnessed the destruction of PompeiiPliny the Elder
22%
Historian who criticized several emperors in his "Annals"Tacitus
21%
Tyrannical and Astrology-Obsessed successor of the aboveDomitian
17%
Rival of the above defeated at Milvian BridgeMaxentius
16%
Final King of Rome who refused to purchase above booksTarquinius Superbus
14%
Widely influential romantic poet who dedicated much of his work to "Lesbia"Catullus
9%
Author and Social critic who coined the phrase "Bread and Circuses"Juvenal
8%
Legendary author of Sibylline BooksCumaean Sibyl
7%
Novelist and Courtier who authored the SatyriconPetronius
5%
Militant king who destroyed Alba LongaTullus Hostilius
5%
Assassin who showed devotion to Rome by sticking right hand into open flameMucius Scaevola
4%
Etruscan King who attempted to reestablish rule the aboveLars Porsena
1%

Score Distribution

Percentile by Number Answered

Percent of People with Each Score

Your Score History

You have not taken this quiz since the last reset